000 00911nam a22002897i 4500
999 _c169104
_d169104
005 20180819145002.0
008 180801n my a|||b |||| 00| 1 ara d
020 _a9786144087619
_cRM35.00
_qset
020 _a9786144086339
_qhardback
040 _aPPAK
_beng
_cPPAK
_dPPAK
_erda
082 0 4 _223
_a892.73
090 0 0 _a892.73
_bLIN
_dK
245 0 0 _aLina al-saghirah =
_bYoung Lina /
246 1 1 _aYoung Lina
264 1 _aBeirut, Lebanon :
_bDIGITAL FUTURE,
_c[date of publication not identified]
300 _a32 pages :
_bcolour illustrations ;
_c22 cm
336 _2rdacontent
_atext
337 _2rdamedia
_aunmediated
338 _2rdacarrier
_avolume
490 1 _aANA AQRA' BINAFSI
500 _aScholastic Arabic Stories Level 3
500 _a8 Stories + 1 CD
650 1 0 _aChildren's stories, Arabic
650 2 0 _aDidactic fiction, Arabic
830 0 _aAna aqra' binafsi
942 _2ddc
_cB